| 000 | 00644nam a2200169 4500 | ||
|---|---|---|---|
| 008 | 100114s1998 nyu b 001 0 eng | ||
| 020 | _a0688148840 :gift | ||
| 090 |
_aBS445 _bD29 _b1998 |
||
| 100 | 1 | _aDavis, Kenneth C. | |
| 245 | 1 | 0 |
_aDon't know much about the Bible : _beverything you need to know about the Good Book but never learned / _cKenneth C. Davis. |
| 260 |
_aNew York : _bEagle Brook, _cc1998. |
||
| 300 |
_axxiv, 533 p. ; _c25 cm. |
||
| 504 | _aIncludes bibliographical references (p. [497]-505) and index. | ||
| 630 | 0 | 4 |
_aBible _xIntroductions. |
| 951 |
_p33474 _oBS445/D29/1998 _j100114144143562 _d2000-12-21 _cGC |
||
| 999 |
_c33906 _d33906 |
||